• 首页
  • 本馆介绍
  • 公告通知
  • 最新文献
  • 馆藏检索
  • 电子资源
  • 读者导购
  • 参考咨询
  • 我的图书馆
  • 登录
  • 详细信息显示
  • 放入我的书架
  • 预约/预借图书
  • 作者相关作品
  • 分类相关作品
  • 丛书相关作品
  • 出版社相关作品

书目信息

  • 表格格式
  • 工作单格式
  • 卡片格式
题名:
新自然观
    
 
作者: 童天湘
分册:  
出版信息: 北京   中共中央党校出版社  1998
页数: 549页
开本: 20cm
丛书名:
单 册:
中图分类: N06
科图分类:
主题词: 自然科学--学派 , 自然科学--学术思想 , 自然科学--学说
电子资源:
ISBN: 7-5035-1827-8
000 00563nam0 2200205 450
001 0728815141
005 20070819080015.14
010    @a7-5035-1827-8@d¥26.00
100    @a20070819d km y0chiy0120 ea
101 0  @achi
200 1  @a新自然观@Axin zi ran guan@f童天湘@Ftong tian xiang
210    @a北京@c中共中央党校出版社@d1998
215    @a549页@d20cm
606 0  @a自然科学@x学派
606 0  @a自然科学@x学术思想
606 0  @a自然科学@x学说
690    @aN06@v3
701  0 @a童天湘@Atong tian xiang
801  0 @aCN@bPFT@c20070819
905    @a213230@dN06@eZW2@f1
    
    新自然观/童天湘.-北京:中共中央党校出版社,1998
    549页;20cm
    
    
    ISBN 7-5035-1827-8:¥26.00
    
●
相关链接 在E读中查询图书 在五车中查询图书 在当当中查询图书 在豆瓣中查询图书


正题名:新自然观     索取号:N06/ZW2         预约/预借

序号 登录号 条形码 馆藏地/架位号 状态 备注
1 7613696   276136968   密集书库-文学院/ [索取号:N06/ZW2] 在馆    
唐山师范学院图书馆 欢迎您!
大连网信软件有限公司© 版权所有